000 00210nam a22000857a 4500
008 161210b xxu||||| |||| 00| 0 eng d
100 _91992
_aCBSE
245 _aAccountancy-XII-S.P.
260 _aNew Delhi
_bB.B.P.
_c2012
999 _c4817
_d4817